TOP 10 TEAMS IN SUPERBOWL WINS - Statistics

General Stats
  • This quiz has been taken 85 times
  • The average score is 8 of 10
Answer Stats
Hint Answer % Correct
6 New England Patriots
97%
4 Kansas City chiefs
91%
6 Pittsburgh Steelers
91%
4 Green Bay packers
86%
5 Dallas cowboys
84%
3 Denver broncos
82%
4 New York giants
81%
5 San Francisco 49ers
80%
3 Washington commanders
72%
3 Raiders
70%
No matching quizzes found
Score Distribution
Percent of People with Each Score
Percentile by Number Answered
Your Score History
You have not taken this quiz